[Event "4NCL Division 2a"]
[Site "Solihull, ENG"]
[Date "2018.01.13"]
[Round "3.42"]
[White "Barry, Colm"]
[Black "Tukpetov, Evgeny"]
[Result "0-1"]
[WhiteElo "2102"]
[BlackElo "2244"]
[Annotator "Thorpe,Thomas"]
[PlyCount "72"]
[EventDate "2018.01.13"]
[WhiteTeam "White Rose 2"]
[BlackTeam "Kings Head"]

1. e4 c5 2. c3 Nf6 3. e5 Nd5 4. Nf3 Nc6 5. Bc4 Nb6 6. Bb3 c4 7. Bc2 Qc7 8. Qe2
g5 9. e6 dxe6 10. Nxg5 Qe5 11. d4 cxd3 12. Bxd3 f6 13. Ne4 f5 14. f4 Qg7 15.
Ng5 e5 16. Na3 e4 17. Bc2 h6 18. Qh5+ Kd7 19. Nh3 Kc7 20. Bb3 e6 21. Nb5+ Kb8
22. Be3 Nd5 23. Bxd5 exd5 24. O-O-O a6 25. Nd4 Qf6 26. Nf2 Rg8 27. g4 Bc5 28.
gxf5 Bxd4 29. Bxd4 Nxd4 30. Rxd4 Rg2 31. Ng4 Qb6 32. Rb4 Qc7 33. Ne5 a5 34. Rb5
d4 35. Qe8 Ra6 36. Rd1 d3 {Scoresheet Illegible} 0-1

[Event "4NCL Division 2a"]
[Site "Solihull, ENG"]
[Date "2018.01.13"]
[Round "3.43"]
[White "Kwiatkowski, Feliks J"]
[Black "Gayson, Peter M"]
[Result "1/2-1/2"]
[WhiteElo "2219"]
[BlackElo "2150"]
[PlyCount "160"]
[EventDate "2018.01.13"]
[WhiteTeam "Kings Head"]
[BlackTeam "White Rose 2"]

1. e4 c5 2. Nf3 e6 3. d4 cxd4 4. Nxd4 Nf6 5. Nc3 Nc6 6. Ndb5 Bb4 7. a3 Bxc3+ 8.
Nxc3 d5 9. exd5 exd5 10. Bd3 O-O 11. O-O d4 12. Ne2 Bg4 13. f3 Bh5 14. Bg5 Qd6
15. Qd2 Rfe8 16. Bh4 Rad8 17. Bf2 a6 18. Rad1 Re7 19. b4 Kh8 20. Qc1 Qc7 21.
Qa1 Red7 22. Rd2 Qe5 23. Ng3 Bg6 24. Re2 Qd5 25. Rfe1 Bxd3 26. cxd3 h6 27. Qb2
Qg5 28. Ne4 Nxe4 29. Rxe4 Qb5 30. Qe2 Qd5 31. Qc2 Kh7 32. Kf1 Qd6 33. Bg3 Qd5
34. Bf2 Qd6 35. Kg1 Qd5 36. R1e2 Rc8 37. Qb2 Rcd8 38. Rc2 f5 39. Ree2 Qf7 40.
Qa2 Qxa2 41. Rxa2 Rd5 42. Rac2 Kg6 43. f4 Kf7 44. Kf1 Re8 45. h3 Rxe2 46. Kxe2
h5 47. Kf3 g6 48. Rc4 Ke6 49. Kg3 a5 50. Be1 axb4 51. Bxb4 Kd7 52. Kh4 Nd8 53.
Kg3 Ne6 54. Kf3 Rb5 55. Kg3 Rd5 56. Kf3 Rb5 57. a4 Rb6 58. g3 Ra6 59. Be1 Rb6
60. Bb4 Ra6 61. Be1 Rb6 62. Bb4 Ra6 63. a5 Rc6 64. Ke2 h4 65. Kf3 hxg3 66. Kxg3
Rxc4 67. dxc4 Kc6 68. Kf3 Nc5 69. Ke2 Ne4 70. Kd3 Nf2+ 71. Kxd4 Nxh3 72. Ke5 g5
73. fxg5 Nxg5 74. Kxf5 Nf3 75. Ke4 Ng5+ 76. Kf5 Nf3 77. Ke6 Nd4+ 78. Ke5 Nb3
79. Ke4 Nxa5 80. Bxa5 b5 1/2-1/2

[Event "4NCL Division 2a"]
[Site "Solihull, ENG"]
[Date "2018.01.13"]
[Round "3.44"]
[White "Burnett, Jim"]
[Black "Sun, Xinyue"]
[Result "1/2-1/2"]
[WhiteElo "2103"]
[BlackElo "2146"]
[PlyCount "181"]
[EventDate "2018.01.13"]
[WhiteTeam "White Rose 2"]
[BlackTeam "Kings Head"]

1. d4 Nf6 2. c4 e6 3. Nf3 b6 4. a3 Bb7 5. Nc3 Be7 6. d5 d6 7. e4 O-O 8. Be2 Re8
9. O-O Nbd7 10. Qc2 c6 11. dxe6 fxe6 12. Ng5 Bf8 13. f4 h6 14. Nf3 Qc7 15. Kh1
Rad8 16. Be3 e5 17. Rad1 Ng4 18. Bc1 Be7 19. f5 Ngf6 20. b4 Nf8 21. Rg1 d5 22.
Bd3 dxe4 23. Nxe4 N8d7 24. Bb2 Nxe4 25. Bxe4 Bd6 26. Rge1 a5 27. Qb3 Kh8 28.
Nh4 Nf6 29. Ng6+ Kh7 30. bxa5 Nxe4 31. Rxe4 c5 32. axb6 Qf7 33. Re2 Qxf5 34.
Nh4 Qg4 35. Nf3 e4 36. Ng1 e3 37. Rf1 Qh5 38. Qc2+ Qg6 39. Qxg6+ Kxg6 40. Bc1
Re4 41. Rxe3 Rxc4 42. Re6+ Kh7 43. Rd1 Rd4 44. Rxd4 cxd4 45. Nf3 d3 46. h3 Bc5
47. Re5 Bxb6 48. Rb5 Bxf3 49. Rxb6 Be4 50. Rb2 Bc6 51. Kg1 Ba4 52. Rd2 Bc2 53.
Bb2 Kg6 54. Kf2 Rd7 55. Ke3 Re7+ 56. Kd4 Rd7+ 57. Ke4 Kg5 58. Bd4 Re7+ 59. Kf3
Kf5 60. Bc3 Rc7 61. Bb4 Ke5 62. Ke3 Kd5 63. Rf2 Kc4 64. Kd2 Kb3 65. Bd6 Rc6 66.
Bb4 g6 67. g4 Kb2 68. Rf1 Re6 69. Rf2 h5 70. gxh5 gxh5 71. Rg2 Re4 72. Rf2 h4
73. Rg2 Rf4 74. Rh2 Rf1 75. Bc5 Rd1+ 76. Ke3 Kc1 77. Bb4 Rg1 78. Bd2+ Kd1 79.
Kd4 Rg6 80. Kc3 Rc6+ 81. Kd4 Ra6 82. Bb4 Ra8 83. Ke3 Re8+ 84. Kd4 Bb1 85. a4
Re2 86. Rxe2 dxe2 87. a5 Bf5 88. Ke3 e1=Q+ 89. Bxe1 Kxe1 90. Kf4 Bxh3 91. Kg5
1/2-1/2

[Event "4NCL Division 2a"]
[Site "Solihull, ENG"]
[Date "2018.01.13"]
[Round "3.45"]
[White "Guthrie, David"]
[Black "Shaw, Peter"]
[Result "1-0"]
[WhiteElo "2181"]
[BlackElo "2122"]
[PlyCount "103"]
[EventDate "2018.01.13"]
[WhiteTeam "Kings Head"]
[BlackTeam "White Rose 2"]

1. Nf3 f5 2. c4 Nf6 3. g3 d6 4. d4 e6 5. Bg2 Be7 6. O-O O-O 7. Nc3 Ne4 8. Qc2
Nxc3 9. bxc3 Nc6 10. d5 Na5 11. dxe6 Bxe6 12. Nd4 Bxc4 13. Nxf5 Bf6 14. Ne3 Be6
15. Be4 h6 16. Nd5 c6 17. Nf4 Bf7 18. Rb1 Qc7 19. Bh7+ Kh8 20. Ng6+ Bxg6 21.
Bxg6 Nc4 22. Qb3 b5 23. a4 a6 24. Ra1 Qa5 25. axb5 Qxa1 26. Qxc4 cxb5 27. Qg4
Qxc3 28. Bb1 g5 29. Qh5 Bg7 30. Qg6 Kg8 31. Ba2+ Kh8 32. Bb1 Kg8 33. Bxg5 Rf6
34. Bxf6 Qxf6 35. Ba2+ Kh8 36. Qe4 Rf8 37. Bb1 Kg8 38. Qh7+ Kf7 39. Ba2+ Ke7
40. Qe4+ Qe5 41. Qb7+ Kf6 42. Qxa6 Qc5 43. Rd1 Ke7 44. Qb7+ Kd8 45. Qxg7 Qxf2+
46. Kh1 Rf6 47. Qg8+ Kc7 48. Rc1+ Kb6 49. Qd8+ Ka6 50. Rc6+ Kb7 51. Qc8+ Ka7
52. Ra6# 1-0

[Event "4NCL Division 2a"]
[Site "Solihull, ENG"]
[Date "2018.01.13"]
[Round "3.46"]
[White "O'driscoll, Kieran"]
[Black "Lewis, Alex"]
[Result "0-1"]
[WhiteElo "2079"]
[BlackElo "2167"]
[PlyCount "54"]
[EventDate "2018.01.13"]
[WhiteTeam "White Rose 2"]
[BlackTeam "Kings Head"]

1. d4 Nf6 2. c4 g6 3. Nc3 Bg7 4. e4 d6 5. Nf3 O-O 6. Be2 e5 7. O-O Nc6 8. d5
Ne7 9. b4 a5 10. Ba3 axb4 11. Bxb4 Nd7 12. a4 b6 13. a5 bxa5 14. Rxa5 Rxa5 15.
Bxa5 Ba6 16. Nb5 Bxb5 17. cxb5 Nc8 18. Qc2 Nc5 19. Bb4 f5 20. exf5 gxf5 21.
Bxc5 dxc5 22. Qxc5 Rf7 23. Rc1 Kh8 24. Bc4 Nd6 25. Re1 e4 26. Nd4 Qf6 27. Ne6
Qc3 0-1

[Event "4NCL Division 2a"]
[Site "Solihull, ENG"]
[Date "2018.01.13"]
[Round "3.47"]
[White "Gilfillan, Andrew"]
[Black "Li, Harry"]
[Result "0-1"]
[WhiteElo "1979"]
[BlackElo "2017"]
[PlyCount "94"]
[EventDate "2018.01.13"]
[WhiteTeam "Kings Head"]
[BlackTeam "White Rose 2"]

1. e4 e5 2. Nf3 Nc6 3. Bc4 Bc5 4. c3 Nf6 5. d4 exd4 6. cxd4 Bb4+ 7. Bd2 Nxe4 8.
Bxb4 Nxb4 9. Bxf7+ Kxf7 10. Qb3+ d5 11. Ne5+ Ke6 12. Qxb4 Qf8 13. Qxf8 Rxf8 14.
Nc3 Nxc3 15. bxc3 Kd6 16. h4 c5 17. Rb1 cxd4 18. cxd4 Rf4 19. Rb4 a5 20. Rb6+
Kc7 21. Rb3 Rxd4 22. Rc3+ Kb6 23. Nf3 Rb4 24. O-O Bf5 25. a3 Rc4 26. Rb3+ Ka6
27. Ne5 Rxh4 28. f4 Rc8 29. g3 Rh6 30. Nf7 Re6 31. Ne5 Be4 32. Nf3 Rb6 33. Re3
Rc2 34. Ne1 Rd2 35. Nf3 Ra2 36. Rf2 Rb1+ 37. Kg2 Rbb2 38. Rxb2 Rxb2+ 39. Kh3
Bxf3 40. Rxf3 Rb6 41. Re3 d4 42. Re7 Rd6 43. f5 Rd8 44. Re1 d3 45. Kg4 Kb5 46.
Kf3 Kc4 47. Rc1+ Kb3 0-1

[Event "4NCL Division 2a"]
[Site "Solihull, ENG"]
[Date "2018.01.13"]
[Round "3.48"]
[White "Camp, Imogen A L"]
[Black "Disu, Kayode"]
[Result "1-0"]
[WhiteElo "1937"]
[BlackElo "1939"]
[PlyCount "111"]
[EventDate "2018.01.13"]
[WhiteTeam "White Rose 2"]
[BlackTeam "Kings Head"]

1. d4 Nf6 2. Nf3 g6 3. c4 Bg7 4. Nc3 O-O 5. e4 d6 6. Be2 Na6 7. O-O e5 8. d5
Nc5 9. Qc2 a5 10. Be3 Ne8 11. Ne1 f5 12. f3 f4 13. Bf2 g5 14. Nd3 Nxd3 15. Qxd3
b6 16. b3 Nf6 17. a3 g4 18. fxg4 Nxg4 19. Nb5 Nxf2 20. Rxf2 Rf6 21. Raf1 Rh6
22. Kh1 Qh4 23. h3 Qd8 24. Rg1 Bd7 25. Qd1 Qc8 26. Qf1 Bf6 27. g4 Bh4 28. Rf3
Bg3 29. Rfxg3 fxg3 30. Rxg3 Bxb5 31. cxb5 Qd7 32. g5 Qg7 33. Kg2 Rh4 34. Bg4
Rf8 35. Qc1 Rf4 36. Bf5 Kf8 37. Qc6 Qe7 38. Qa8+ Qe8 39. Qb7 Qd8 40. a4 Kg7 41.
g6 Rxf5 42. exf5 hxg6 43. Rxg6+ Kf7 44. Qc6 Rh5 45. Qc2 Qd7 46. Re6 Kf8 47. f6
Qh7 48. Qxh7 Rxh7 49. Kg3 Kf7 50. Kg4 Kg6 51. h4 Kf7 52. Kg5 Rh8 53. Re7+ Kf8
54. h5 Rg8+ 55. Kf5 Rg3 56. Ke6 1-0